Normal view MARC view
  • JADHAV, DR.KHANDERAO RAJARAM. AND SURANA, MR. KHEMCHAND RAJENDRA

Entry Personal Name

Number of records used in: 1

001 - CONTROL NUMBER

  • control field: 8552

003 - CONTROL NUMBER IDENTIFIER

  • control field: JRU

005 - DATE AND TIME OF LATEST TRANSACTION

  • control field: 20240919143319.0

008 - FIXED-LENGTH DATA ELEMENTS

  • fixed length control field: 240919|| aca||aabn | a|a d

040 ## - CATALOGING SOURCE

  • Original cataloging agency: JRU
  • Transcribing agency: JRU

100 ## - HEADING--PERSONAL NAME

  • Personal name: JADHAV, DR.KHANDERAO RAJARAM. AND SURANA, MR. KHEMCHAND RAJENDRA

670 ## - SOURCE DATA FOUND

  • Source citation: Work cat.: (JRU)8681: JADHAV, DR.KHANDERAO RAJARAM. AND SURANA, MR. KHEMCHAND RAJENDRA , PHARMACEUTICAL PRODUCT DEVELOPMENT [ B.PHARMA, 8TH SEMESTER]